Irrigated soybean production in Arid and Semi-Arid regions
Uloženo v:
| Médium: | Kniha |
|---|---|
| Jazyk: | Undetermined |
| Vydáno: |
Illinois
University of Illinois
1981
|
| Témata: | |
| Tagy: |
Přidat tag
Žádné tagy, Buďte první, kdo otaguje tento záznam!
|
| Thư viện lưu trữ: | Trung tâm Học liệu Trường Đại học Cần Thơ |
|---|
| LEADER | 00491nam a2200157Ia 4500 | ||
|---|---|---|---|
| 001 | CTU_38740 | ||
| 008 | 210402s9999 xx 000 0 und d | ||
| 082 | |a 633.3487 | ||
| 082 | |b I65 | ||
| 245 | 0 | |a Irrigated soybean production in Arid and Semi-Arid regions | |
| 260 | |a Illinois | ||
| 260 | |b University of Illinois | ||
| 260 | |c 1981 | ||
| 650 | |a soybean,soybean - planting - arid and semi arid region | ||
| 904 | |i Liên, 990906 | ||
| 980 | |a Trung tâm Học liệu Trường Đại học Cần Thơ | ||